00653cam a22002051 4500001001300000003000400013005001700017008004100034010001700075035002000092040003700112041001300149042001200162050001900174100003200193245012600225260004500351300001900396440003200415af 49001018 DLC20260227110917.0890112s1945 be 000 1 dut c aaf 49001018  a(OCoLC)19015343 aCalifornia. Univ. Libr.cCUdDLC1 aduthfre apremarc00aPQ2643.L6bP321 aVlodorp, Robert van,d1908-10aParadiso.b[De liefderoman van een arts in de Zwitsersche bergen]cUit het Fransch vertaald door de Uitgeverij Westernis. aAntwerpen,bUitgeverij Westernisc[1945] a160 p.c18 cm. 3aDe Briljant uitgave,vno 30